Регионална библиотека "Любен Каравелов" - Русе

Нова руска литература (Запис номер 342156)

MARC детайли
000 -Лидер
Контролно поле с фиксирана дължина 01478nam a2200373 c 4500
003 - Код на организацията, давaща контролен номер
Контролно поле BLK
005 - Дата и час на последна редакция
Контролно поле 20240316005343.0
008 - Елементи от данни с фиксирана дължина
fixed length control field 180911b bul|||||r ||||||| ||bul||
010 ## - Наследен системен номер
LC control number 001794
040 ## - Източник на каталожния запис
Идентификатор на билиотеката - собственик на записа BLK
041 ## - Код за език
Код за езика на текст/звукозапис или на отделно заглавие Български
Код за езика КДБФ Български
080 ## - УДК
Текстов определител УДК Сборник
УДК определител 92
УДК - код + определител 882.09882(092)92
100 1# - Редна дума - Автор
Автор НИКОЛОВ, Еню
Авторска отговорност първи автор
R(LIN) 398518
245 00 - Сведения за заглавието
Заглавие Нова руска литература
260 ## - Област на издателските данни
Място на издаване, разпространение и проч. София
Име на издателя, разпространителя и проч. Факел
Година на издаване 1935
300 ## - Физическа характеристика
Страници 157, III с
Размери/Мащаб 17 см
380 ## - Жанр
Жанр Литературознание
490 ## - СЕРИИ (Колекции)
Име на серия Библиотека Лит. разбори
490 ## - СЕРИИ (Колекции)
Име на серия Частна колекция - Академик Михаил Арнаудов
Бележки за серията Дарение - Основен фонд
500 ## - Общи забележки
Забележка За живота и творчеството на Пушкин (1. л.) и за декабристите (1 л.) : с. 26-27.;
520 ## - Забележка за наличие на резюме, анотация и т.н
Анотация, рецензия, сканиран текст Михаил Арнаудов: негови-лист-ръкопис
520 ## - Забележка за наличие на резюме, анотация и т.н
Анотация, рецензия, сканиран текст За живота и творчеството на Пушкин 1. л. и за декабристите 1 л. : с. 26-27.
650 #4 - Допълнително описание по предмет – тема
Основно описание – тема или топоним Биографии
9 (RLIN) 148657
650 #0 - Допълнително описание по предмет – тема
Основно описание – тема или топоним Сборници
9 (RLIN) 396392
655 ## - Ключова дума – жанр/разновидност
Данни за жанр/разновидност или ключова дума за фокус Литературознание
700 1# - Други автори (авторска отговорност)
Лично име Еню Николов
9 (RLIN) 398582
852 ## - Местоположение
Форматна сигнатура МА 1996
852 ## - Местоположение
Форматна сигнатура Цб 8.170.4768
Фондова буква Основен фонд - ползва се само за читалня
999 ## - СИСТЕМНИ КОНТРОЛНИ НОМЕРА
Koha biblionumber 342156
Koha biblioitemnumber 342156
942 ## - АРТИКУЛИ
Вид на библиотечния материал Книги
Скрит в OPAC Не
Периодичен библиозапис Да
944 ## - СЪЗДАВАНЕ И РЕДАКЦИЯ на ЗАПИСА
Създаване/Редакция Създаване
Дата на регистрацията/редакция 1997
Служител, извършил регистрацията/редакцията
Статус, дата на статуса CRON CRON
944 ## - СЪЗДАВАНЕ И РЕДАКЦИЯ на ЗАПИСА
Създаване/Редакция Редакция
Дата на регистрацията/редакция 2021-06-27
Служител, извършил регистрацията/редакцията ВП
999 ## - СИСТЕМНИ КОНТРОЛНИ НОМЕРА
Koha biblioitemnumber 342156
999 ## - СИСТЕМНИ КОНТРОЛНИ НОМЕРА
Koha biblioitemnumber 342156
Наличности
Код за отписване Код за изгубен артикул Източник на класификационната схема Код за повреда Коз за рестрикции Код за отдаване Артикулен № Име на библиотеката - собственик Име на библиотеката, в която се намира в момента Статус (Текущо местоположение) Местоположение - отдел Цена в лева Номерация (Хронология) Инвентарен номер Систематично азбучна сигнатура Баркод Номер на екземпляра Цена в евро Служебен тип на артикула Дата на вписване в системата
  Не е изгубен Universal Decimal Classification Не е повреден без рестрикции Специални фондове ( старопечатни, редки и ценни, фонд М. Арнаудов) 742203 Регионална библиотека "Любен Каравелов" Русе Регионална библиотека "Любен Каравелов" Русе Фонд "Михаил Арнаудов" Фонд "Михаил Арнаудов" 20.00   590849 МА 1996 120000590849 1 10.23 Книги  
  Не е изгубен Universal Decimal Classification Не е повреден само за читалня ползва се в читалня 840761 Регионална библиотека "Любен Каравелов" Русе Регионална библиотека "Любен Каравелов" Русе Хранилище Основен фонд - ползва се само за читалня 0.13   4768 Цб 8.170.4768 900000066793   0.07 Книги 2021-07-02
Vip Innovations Ltd, Rousse, Bulgaria 2025